000 01078nmc a2200337 a 4500
003 AR-BaBNM
005 20251128204521.0
008 035019s1986 ||||||||||||||000 | spa||
020 _a950-14-0098-0
040 _cAR-BaBNM
100 1 _aAstolfi, Andrea
245 1 0 _aEl contrato internacional de "joint venture"
250 _a1ª ed.
260 _aBuenos Aires
_bDepalma
_c1986
300 0 _a86 p.
490 0 _aCuadernos de la Revista del derecho comercial y de las obligaciones
_vv. 2
500 1 _aSeparata de la Revista del derecho comercial y de las obligaciones, n° 83 {octubre de 1981}
650 4 _aINVERSIONES EXTRANJERAS
650 4 _aPAISES DESARROLLADOS
650 4 _aPAISES EN DESARROLLO
650 4 _aCOOPERACION INTERNACIONAL
650 4 _aCOMERCIO INTERNACIONAL
650 4 _aCONTRATOS
650 4 _aDERECHO COMERCIAL
700 1 _aMoglia Claps, Guillermo A.
_etraductor
800 1 _aCámara, Héctor
_edirector
800 1 _aDi Iorio, Alfredo J.
_edirector
800 1 _aPiaggi, Ana Isabel
_edirector
942 _cBK
998 _cMarce
999 _c7744
_d7744